Problem of vocabulary in the popularisation of science (Record no. 1334117)

MARC details
000 -LEADER
fixed length control field 00520nam a2200181Ia 4500
005 - DATE AND TIME OF LATEST TRANSACTION
control field 20250508152058.0
008 - FIXED-LENGTH DATA ELEMENTS--GENERAL INFORMATION
fixed length control field 008 250505s9999 xx 000 0 eng d
037 ## - SOURCE OF ACQUISITION
Stock number Books to be hide in OPAC
040 ## - CATALOGING SOURCE
Original cataloging agency FEDL
Language of cataloging eng
Transcribing agency FEDL
041 ## - LANGUAGE CODE
Language code of text/sound track or separate title eng
Source of code eng
084 ## - COLON CLASSIFICATION NUMBER
Classification number 500, FLO/O
Assigning agency FEDL
100 ## - MAIN ENTRY--PERSONAL NAME
Personal name Flood W E
245 #0 - TITLE STATEMENT
Title Problem of vocabulary in the popularisation of science
260 ## - PUBLICATION, DISTRIBUTION, ETC.
Place of publication, distribution, etc. Edinburgh
Name of publisher, distributor, etc. Oliver and Boyd
Date of publication, distribution, etc. 1957
300 ## - PHYSICAL DESCRIPTION
Extent vi,121p.
942 ## - ADDED ENTRY ELEMENTS (KOHA)
Koha item type Books to be hide in OPAC
Classification part 500, FLO/O
Holdings
Withdrawn status Lost status Damaged status Not for loan Home library Current library Date acquired Total Checkouts Full call number Barcode Date last seen Price effective from Koha item type
        Department of Education Library Department of Education Library 2025-05-08   500, FLO/O EL0015535 2025-05-08 2025-05-08 Books to be hide in OPAC
Copyright @ Delhi University Library System